|
|
|
|
| LEADER |
02845nam a22003253i 4500 |
| 001 |
EBC31498700 |
| 003 |
MiAaPQ |
| 005 |
20240729202206.0 |
| 006 |
m o d | |
| 007 |
cr cnu|||||||| |
| 008 |
240729s2020 xx o ||||0 eng d |
| 020 |
|
|
|a 9789240002333
|q (electronic bk.)
|
| 035 |
|
|
|a (MiAaPQ)EBC31498700
|
| 035 |
|
|
|a (Au-PeEL)EBL31498700
|
| 040 |
|
|
|a MiAaPQ
|b eng
|e rda
|e pn
|c MiAaPQ
|d MiAaPQ
|
| 245 |
1 |
0 |
|a Report of the Informal Regional WHO Consultation on Oral Health, Mandalay, Myanmar, 24 October 2019.
|
| 250 |
|
|
|a 1st ed.
|
| 264 |
|
1 |
|a Geneva :
|b World Health Organization,
|c 2020.
|
| 264 |
|
4 |
|c Ã2020.
|
| 300 |
|
|
|a 1 online resource (26 pages)
|
| 336 |
|
|
|a text
|b txt
|2 rdacontent
|
| 337 |
|
|
|a computer
|b c
|2 rdamedia
|
| 338 |
|
|
|a online resource
|b cr
|2 rdacarrier
|
| 505 |
0 |
|
|a Intro -- Acknowledgements -- 1. Introduction -- 1.1 Opening ceremony -- 2. WHO Oral Health Programme. The three-year roadmap: Where are we right now? -- 3. Innovative and effective approaches on Oral Health in WHO's South-East Asia and Western Pacific regions -- 3.1 Myanmar - Oral Health in Myanmar: Situation and perspectives -- 3.2 Development of a new Oral health policy 2019-2023 - Experience from Vanuatu -- 3.3 Oral Health in Universal Health Coverage - Experience from Thailand -- 3.4 Innovative models of oral health service delivery in Australia -- 3.5 Effective use of fluorides in Cambodia -- 3.6 Education and workforce in Fiji -- 3.7 War on diabetes in Singapore -- 3.8 mOralHealth development in India -- 4. Overview of the Lancet series on oral health -- 5. WHO Collaborating Centres presentations -- 5.1 WHO CC for Quality-Improvement, Evidence-Based Dentistry, United States of America -- 5.2 WHO CC for Translation of Oral Health Science, Japan -- 5.3 WHO CC for Research and Training in Preventive Dentistry, China -- 5.4 WHO CC for Oral Health Promotion, India -- 5.5 Open plenary -- 6. Presentation of the draft Global Oral Health Report and the Oral Health Country Profiles -- 6.1 Discussion on the comments and inputs from Member States and CDOs -- 7. Closing remarks, next steps and commitments -- 8. Endnotes -- Annex 1. List of participants -- Annex 2. Agenda -- Annex 3. Call to action -- _GoBack.
|
| 588 |
|
|
|a Description based on publisher supplied metadata and other sources.
|
| 590 |
|
|
|a Electronic reproduction. Ann Arbor, Michigan : ProQuest Ebook Central, 2024. Available via World Wide Web. Access may be limited to ProQuest Ebook Central affiliated libraries.
|
| 655 |
|
4 |
|a Electronic books.
|
| 776 |
0 |
8 |
|i Print version:
|t Report of the Informal Regional WHO Consultation on Oral Health, Mandalay, Myanmar, 24 October 2019
|d Geneva : World Health Organization,c2020
|
| 797 |
2 |
|
|a ProQuest (Firm)
|
| 856 |
4 |
0 |
|u https://ebookcentral.proquest.com/lib/matrademy/detail.action?docID=31498700
|z Click to View
|